| 000 | 00625nam a2200205 a 4500 | ||
|---|---|---|---|
| 005 | 20231024063635.0 | ||
| 008 | 991125n1960 mx 000 0 spa u | ||
| 035 | _aUPN01000018675 | ||
| 049 | _aLT | ||
| 050 | 4 |
_aLB1589 E3.3 _bLE |
|
| 245 | 0 | 0 |
_aEjercicios de aritmética y geometría : _b3o. y 4o. años |
| 260 |
_aMéxico : _bAvante, _c1960 |
||
| 300 |
_a96 p. : _bil |
||
| 440 | 0 | _aCuaderno de tareas | |
| 500 | _aDatos tomados de la cubierta | ||
| 650 | 4 |
_aAritmética _xEstudio y enseñanza (Elemental) _95289 |
|
| 650 | 4 |
_aGeometría _xEstudio y enseñanza (Elemental) _94869 |
|
| 905 | _aLibro | ||
| 999 |
_c18675 _d18675 |
||